000 00954cam a2200229 4500
001 WB4031-16
008 040811n2004 000 0 eng u
035 _a(Sirsi) u127049
245 _aStaff retention
260 _c2004
490 _aRegeneration and Renewal
_v6 August 2004, 8 (1)
520 _aThe Chartered Institute of Housing and the Housing Corporation have jointly published "Staff recruitment and retention: a good practice guide". The book aims to help housing organisations maximise their performance by attracting and retaining well-qualified and motivated staff. It is aimed at senior and middle managers as well as HR departments and training organisations within the area of social housing.
590 _aWB
590 _aWB
650 _aRECRUITMENT
650 _aLABOUR
650 _aRETENTION
650 _aHUMAN RESOURCE MANAGEMENT
650 _aHOUSING ASSOCIATION
690 _aPROFESSIONAL PRACTICE
942 _n0
999 _c117839
_d117839